| 000 | 01321nam a2200313 a 4500 | ||
|---|---|---|---|
| 001 | |||
| 003 | DO-SdBNP | ||
| 005 | 20220119083703.0 | ||
| 008 | 110406s2011 dr 000 | spa d | ||
| 020 | _a9789945074222 | ||
| 040 |
_aDO-SdBNP _bspa _cBPMSU |
||
| 082 |
_a327.729307295 _bI12r 2011 _222 |
||
| 100 | 1 |
_aIbarra Guitart, Jorge Renato, _d1959- |
|
| 245 | 1 | 0 |
_aLas relaciones cubano-dominicanas, su escenario hemisférico : _b1944-1948 / _cJorge Renato Ibarra Guitart. |
| 260 |
_aSanto Domingo : _bArchivo General de la Nación, _c2011. |
||
| 300 |
_a309 p. ; _c23 cm. |
||
| 490 | 0 |
_aArchivo General de la Nación ; _v130 |
|
| 500 | _aIncluye índice | ||
| 500 | _aIncluye referencias bibliográficas y notas al pie de las páginas | ||
| 500 | _aIncluye datos biográficos del autor en la solapa de la cubierta | ||
| 505 | 0 |
_tRenace una esperanza (1944-1945) -- _t1946. Entre maniobras políticas y complots -- _tTras la espada de la libertad -- _tTraición y derrota. |
|
| 590 | _aInventariado, 2022/VM | ||
| 651 | 4 |
_aRepública Dominicana _xRelaciones Exteriores _zCuba |
|
| 651 | 4 |
_aCuba _xRelaciones Exteriores _zRepública Dominicana |
|
| 651 | 4 |
_aRepública Dominicana _xHistoria _ySiglo XX |
|
| 710 | 2 | _aArchivo General de la Nación (República Dominicana) | |
| 910 | _aVMateo V. | ||
| 942 |
_2ddc _cBK |
||
| 999 |
_c13961 _d13961 |
||